000 00933nam a22002777a 4500
003 OSt
005 20211201023108.0
008 160323b xxu||||| |||| 00| 0 eng d
010 _a 78141925
020 _a007054347X
040 _aMMU
_cMMU
_dMMU
_beng
050 0 0 _aSB481
_b.R86 1971
082 0 0 _a712/.5
100 1 _aRutledge, Albert J.
245 1 0 _aAnatomy of a park;
_bthe essentials of recreation area planning and design
_c[by] Albert J. Rutledge. Illus. by Donald J. Molnar.
260 _aNew York,
_bMcGraw-Hill
_c[1971]
300 _ax, 180 p. :
_billus., plans.
_c24 cm.
504 _aBibliography: p. 173-176.
650 0 _aParks
_xDesign and construction.
650 0 _aParks
_xPlanning.
650 0 _aLandscape architecture.
650 0 _aRecreation areas
_xDesign and construction.
650 0 _aRecreation areas
_xPlanning.
906 _a7
_bcbc
_corignew
_d2
_encip
_f19
_gy-gencatlg
942 _2lcc
_cLOAN LOAN
999 _c16763
_d16763